[Event "Reykjavik Open 2024"]
[Site "Reykjavik ISL"]
[Date "2024.03.16"]
[Round "2.40"]
[White "Arun, Nitish"]
[Black "Saine, Zachary"]
[Result "1/2-1/2"]
[WhiteElo "1808"]
[BlackElo "2010"]
[WhiteFideId "2524201"]
[BlackFideId "2624346"]
[EventDate "2024.03.15"]

1. d4 d5 2. c4 e6 3. Nc3 c5 4. e3 dxc4 5. Bxc4 a6 6. a4 Nc6 7. Nf3 Nf6 8. O-O b6
9. d5 Na5 10. Ba2 exd5 11. Nxd5 Bb7 12. e4 Be7 13. Bf4 Nxd5 14. exd5 O-O 15. d6
Bf6 16. Ne5 Bxe5 17. Bxe5 Nc6 18. Bc3 Qh4 19. Qf3 Rad8 20. Rfd1 Ba8 21. Qg3 Qxg3
22. fxg3 Rd7 23. Bc4 Rfd8 24. Rf1 b5 25. axb5 axb5 26. Bxb5 Rxd6 27. Bc4 R6d7
28. Rf5 Nd4 29. Rf2 Bd5 30. Bxd5 Rxd5 31. Bxd4 cxd4 32. Rd2 f6 33. Rad1 Kf7 34.
Kf2 Ke6 35. Kf3 Rf5+ 36. Ke4 Re5+ 37. Kf3 Re3+ 38. Kf2 Ke5 39. Re2 Rxe2+ 40.
Kxe2 Rb8 41. Rb1 Rb3 42. Kd2 d3 43. Ke3 f5 44. Re1 Kd5 45. Rd1 Ke5 46. Rxd3 Rxb2
47. Rd2 Rxd2 48. Kxd2 Kd4 49. Ke2 Ke4 50. Kf2 Kd3 51. Kf3 g5 52. h3 Kd4 53. Ke2
Ke4 54. Kf2 g4 55. hxg4 fxg4 56. Ke2 h6 57. Kd2 Kd4 58. Ke2 Ke4 59. Kd2 Kd4 60.
Ke2 1/2-1/2

[Event "Reykjavik Open 2024"]
[Site "Reykjavik ISL"]
[Date "2024.03.16"]
[Round "2.41"]
[White "Lu, Maximillian"]
[Black "Gurner, Jem"]
[Result "1-0"]
[WhiteTitle "IM"]
[BlackTitle "CM"]
[WhiteElo "2375"]
[BlackElo "1968"]
[WhiteFideId "2096242"]
[BlackFideId "67600280"]
[EventDate "2024.03.15"]

1. a3 Nf6 2. Nf3 g6 3. b4 Bg7 4. Bb2 d5 5. e3 O-O 6. Be2 a5 7. d4 c6 8. Nbd2
axb4 9. axb4 Rxa1 10. Qxa1 Bf5 11. c4 Ne4 12. O-O Nxd2 13. Nxd2 Nd7 14. Nb3 Qa8
15. cxd5 cxd5 16. Rc1 Nb6 17. Qxa8 Rxa8 18. Na5 Na4 19. Ba3 e5 20. Bb5 Nb6 21.
Bb2 exd4 22. Bxd4 Bxd4 23. exd4 Rc8 24. Rc5 Ra8 25. h4 Nc4 26. Nxb7 Ra1+ 27. Kh2
Rb1 28. Na5 Rxb4 29. Nc6 Rb2 30. Ne7+ Kf8 31. Nxf5 gxf5 32. Rxd5 Na3 33. Bd3
Rxf2 34. Ra5 Nc2 35. Ra2 Rxg2+ 36. Kxg2 Ne1+ 37. Kg3 Nxd3 38. Rd2 Nc1 39. Kf4
Nb3 40. Rd3 Na5 41. Rc3 Ke7 42. Kxf5 Kd6 43. Kf6 1-0

[Event "Reykjavik Open 2024"]
[Site "Reykjavik ISL"]
[Date "2024.03.16"]
[Round "2.46"]
[White "Zhou, David"]
[Black "Jacobsen, Mikkel Manosri"]
[Result "0-1"]
[BlackTitle "FM"]
[WhiteElo "1954"]
[BlackElo "2367"]
[WhiteFideId "2623234"]
[BlackFideId "1444514"]
[EventDate "2024.03.15"]

1. d4 d5 2. c4 e6 3. Nf3 Nf6 4. g3 Bb4+ 5. Bd2 Be7 6. Bg2 O-O 7. O-O Nbd7 8. Qc2
c6 9. Bf4 Ne4 10. h4 f5 11. Nc3 h6 12. Nxe4 fxe4 13. Ne5 Qe8 14. f3 exf3 15.
Bxf3 Bf6 16. Ng6 Bxd4+ 17. e3 Rxf4 18. exd4 Rxd4 19. cxd5 cxd5 20. Rae1 Nf6 21.
g4 Bd7 22. g5 Rc8 23. Qb1 hxg5 24. hxg5 Nh7 25. Re2 Bb5 26. Rh2 Bd3 27. Rxh7
Qxg6 0-1

[Event "Reykjavik Open 2024"]
[Site "Reykjavik ISL"]
[Date "2024.03.16"]
[Round "2.47"]
[White "Dauner, Benedikt"]
[Black "Arndt, Uwe"]
[Result "1-0"]
[WhiteTitle "FM"]
[WhiteElo "2366"]
[BlackElo "1951"]
[WhiteFideId "16225899"]
[BlackFideId "24647713"]
[EventDate "2024.03.15"]

1. e4 c6 2. d4 d5 3. e5 c5 4. Nf3 cxd4 5. Qxd4 Nc6 6. Qf4 e6 7. Bd3 Nb4 8. O-O
Nxd3 9. cxd3 Bd7 10. Nc3 Nh6 11. Nd4 a6 12. Qg3 Qb6 13. Nce2 Nf5 14. Nxf5 exf5
15. Be3 Qg6 16. Rfc1 Bc6 17. Nd4 Rc8 18. Qf3 Rd8 19. Rc2 Bd7 20. Rc7 Qb6 21.
Rac1 Bc6 22. Nxc6 Qxc7 23. Nxd8 Qxd8 24. Qxf5 g6 25. Qg4 h5 26. Qa4+ Ke7 27.
Bg5+ 1-0

[Event "Reykjavik Open 2024"]
[Site "Reykjavik ISL"]
[Date "2024.03.16"]
[Round "2.48"]
[White "Heimisson, Hilmir Freyr"]
[Black "Hennig, Konrad"]
[Result "1-0"]
[WhiteTitle "IM"]
[WhiteElo "2355"]
[BlackElo "1946"]
[WhiteFideId "2309998"]
[BlackFideId "34622519"]
[EventDate "2024.03.15"]

1. c4 e6 2. Nc3 d5 3. d4 a6 4. cxd5 exd5 5. Bf4 c6 6. Qc2 Nf6 7. e3 Bd6 8. Bxd6
Qxd6 9. h3 O-O 10. Bd3 c5 11. dxc5 Qxc5 12. Rd1 Rd8 13. Nf3 Nc6 14. O-O Be6 15.
Ne2 Qe7 16. Ned4 Nb4 17. Qb1 Nxd3 18. Qxd3 Ne4 19. Rc1 Rac8 20. Rfd1 Rc7 21. Ne2
Rdc8 22. Rxc7 Rxc7 23. Nf4 Rc5 24. Nd2 Nxd2 25. Qxd2 g6 26. Qd4 Rc2 27. a3 Qh4
28. g3 Qg5 29. Rd3 Qf5 30. g4 Qg5 31. Rc3 Rxc3 32. Qxc3 Qd8 33. Qe5 Qc8 34. Kh2
Qc6 35. Kg3 h6 36. Qb8+ Kg7 37. Qe5+ Kg8 38. Qf6 Qd6 39. h4 Qc7 40. Kf3 Qd6 41.
Nxe6 Qxe6 42. Qxe6 fxe6 43. Kf4 Kf7 44. g5 hxg5+ 45. hxg5 b5 46. b4 Ke7 47. Ke5
Kd7 48. Kf6 Kd6 49. f4 1-0

[Event "Reykjavik Open 2024"]
[Site "Reykjavik ISL"]
[Date "2024.03.16"]
[Round "2.49"]
[White "Sanitt, Ethan"]
[Black "Karsten, Jan"]
[Result "0-1"]
[BlackTitle "IM"]
[WhiteElo "1914"]
[BlackElo "2323"]
[WhiteFideId "427462"]
[BlackFideId "14350653"]
[EventDate "2024.03.15"]

1. c4 Nf6 2. g3 g6 3. Nc3 Bg7 4. Bg2 O-O 5. d3 d6 6. Rb1 c6 7. e4 a6 8. a4 a5 9.
Nge2 Na6 10. O-O e5 11. h3 Nb4 12. Bg5 h6 13. Be3 Nd7 14. d4 exd4 15. Bxd4 Nc5
16. Bxg7 Kxg7 17. Qd4+ Qf6 18. Qxf6+ Kxf6 19. Rbd1 Be6 20. Nf4 Ke7 21. Nxe6 fxe6
22. f4 Nc2 23. Rf3 e5 24. Rd2 Nd4 25. Rf1 Rf6 26. Bf3 Raf8 27. Bg4 Ndb3 28. Rdf2
exf4 29. Rxf4 Nd2 30. Rxf6 Rxf6 31. Re1 Nxc4 32. Be2 Nd2 33. Kg2 Re6 34. Bg4 Re5
35. Rd1 Ndxe4 36. Ne2 Nf6 37. Bf3 g5 38. Nd4 Ne6 39. Nb3 h5 40. Rd2 g4 41. hxg4
hxg4 42. Bd1 b6 43. Nd4 Nxd4 44. Rxd4 Rg5 45. b4 Rd5 46. Rxd5 Nxd5 47. Kf2 axb4
48. Bxg4 b3 49. Ke1 b2 50. Bf5 Kf6 51. Bh7 Nc3 0-1

[Event "Reykjavik Open 2024"]
[Site "Reykjavik ISL"]
[Date "2024.03.16"]
[Round "2.50"]
[White "Stanford, Maxim Barth"]
[Black "Larkin, Benjamin"]
[Result "1-0"]
[WhiteTitle "IM"]
[WhiteElo "2275"]
[BlackElo "1914"]
[WhiteFideId "408280"]
[BlackFideId "479977"]
[EventDate "2024.03.15"]

1. e4 c5 2. b4 cxb4 3. a3 g6 4. Bb2 Nf6 5. e5 Nd5 6. Bc4 Nb6 7. Bb3 Bg7 8. axb4
d6 9. Nf3 Nc6 10. b5 Nxe5 11. Nxe5 dxe5 12. Qe2 Qd6 13. Nc3 O-O 14. O-O Rd8 15.
Ne4 Qc7 16. Ng5 e6 17. h4 Nd5 18. Nh3 a5 19. h5 b6 20. Rfe1 Nf4 21. Nxf4 exf4
22. Bxg7 Kxg7 23. Ra4 Bb7 24. Qg4 Bd5 25. Rxf4 Bxb3 26. Qg5 f5 27. cxb3 Qf7 28.
h6+ Kg8 29. Rc4 Rd6 30. Rec1 1-0

[Event "Reykjavik Open 2024"]
[Site "Reykjavik ISL"]
[Date "2024.03.16"]
[Round "2.51"]
[White "Riisem, Oyvind"]
[Black "Heidarsson, Mikael Bjarki"]
[Result "1-0"]
[WhiteElo "2234"]
[BlackElo "1913"]
[WhiteFideId "1504673"]
[BlackFideId "2317532"]
[EventDate "2024.03.15"]

1. e4 c5 2. Nf3 d6 3. Bc4 Nc6 4. O-O Nf6 5. Re1 e6 6. Bb3 Be7 7. c3 O-O 8. d4
Qc7 9. h3 b5 10. Bf4 e5 11. Bh2 cxd4 12. cxd4 Bb7 13. Nc3 a6 14. Rc1 Qb8 15. Nd5
Nxd5 16. exd5 Nxd4 17. Nxd4 exd4 18. Rxe7 1-0

[Event "Reykjavik Open 2024"]
[Site "Reykjavik ISL"]
[Date "2024.03.16"]
[Round "2.52"]
[White "Povah, Nigel E"]
[Black "Van Meter, Lester"]
[Result "1-0"]
[WhiteTitle "IM"]
[BlackTitle "FM"]
[WhiteElo "2202"]
[BlackElo "1906"]
[WhiteFideId "400467"]
[BlackFideId "2001691"]
[EventDate "2024.03.15"]

1. d4 c5 2. d5 Nf6 3. Nc3 g6 4. e4 d6 5. Bb5+ Bd7 6. a4 Bg7 7. Nf3 O-O 8. O-O
Bg4 9. Re1 Nbd7 10. h3 Bxf3 11. Qxf3 Ne8 12. Bg5 h6 13. Bd2 Nc7 14. Bf1 a6 15.
Qg3 Rb8 16. a5 b5 17. axb6 Rxb6 18. b3 Nb5 19. Ra2 Nxc3 20. Bxc3 Bxc3 21. Qxc3
Qc7 22. Rea1 Rfb8 23. Rxa6 Rxa6 24. Rxa6 Nf6 25. f3 g5 26. Qa5 Qxa5 27. Rxa5 Kf8
28. Kf2 Nh5 29. g3 Nf6 30. Bd3 Nd7 31. Bb5 Nf6 32. Bd3 Nd7 33. f4 Nf6 34. Ra7
Rb4 35. Kf3 Rb8 36. Bc4 gxf4 37. gxf4 Rd8 38. Bb5 Rb8 39. Bc4 Rd8 40. Ke3 Nd7
41. Bb5 Nf6 42. Bc6 Rb8 43. e5 Nh5 44. Rb7 Rxb7 45. Bxb7 Ke8 46. Bc8 Kd8 47. Bg4
Ng7 48. h4 Kc7 49. Kd3 f6 50. Ke4 Kb6 51. c3 Ka5 52. exf6 exf6 53. Bf5 Kb5 54.
Bg6 Ka5 55. Ke3 Kb5 56. Kd3 f5 57. Bf7 Ka5 58. Kc4 Ka6 59. b4 cxb4 60. cxb4 Kb6
61. b5 Ka5 62. Bg6 Kb6 63. Kb4 1-0

[Event "Reykjavik Open 2024"]
[Site "Reykjavik ISL"]
[Date "2024.03.16"]
[Round "2.53"]
[White "Stenzel, Thomas"]
[Black "Tripathi, Pratyush"]
[Result "1-0"]
[WhiteElo "2175"]
[BlackElo "1905"]
[WhiteFideId "4632770"]
[BlackFideId "1763121"]
[EventDate "2024.03.15"]

1. e4 c5 2. Nf3 e6 3. d3 Nc6 4. g3 g6 5. Bg2 Bg7 6. c3 e5 7. Nbd2 Nge7 8. O-O
O-O 9. Nb3 d6 10. h3 h6 11. d4 cxd4 12. cxd4 a5 13. d5 Nb8 14. a4 Na6 15. Bd2 b6
16. Nh2 f5 17. f3 Kh7 18. Re1 Nc5 19. Nxc5 bxc5 20. Bf1 Qb6 21. Bc3 fxe4 22.
fxe4 c4+ 23. Kh1 Qf2 24. Ra3 h5 25. Re2 Qb6 26. Qe1 Bf6 27. Qf2 Qc7 28. Qe3 Bg7
29. Bd2 Rb8 30. Qc3 Rb4 31. Qc1 Rb8 32. Rf3 Bd7 33. Ref2 Bxa4 34. Rf7 Rxf7 35.
Rxf7 Kg8 36. Rf3 Bb3 37. g4 hxg4 38. Nxg4 Qd7 39. Bh6 Bh8 40. Qg5 Bd1 41. Nf6+
Bxf6 42. Rxf6 Bh5 43. Re6 Rb7 44. Qf6 Nc8 45. Qf8+ Kh7 46. Re8 Bf3+ 47. Kg1 1-0

[Event "Reykjavik Open 2024"]
[Site "Reykjavik ISL"]
[Date "2024.03.16"]
[Round "2.54"]
[White "Erskine-Pereira, Jack"]
[Black "Gramb, Marius"]
[Result "1/2-1/2"]
[WhiteElo "1903"]
[BlackElo "2142"]
[WhiteFideId "486388"]
[BlackFideId "24656593"]
[EventDate "2024.03.15"]

1. d4 Nf6 2. Bf4 d5 3. e3 e6 4. Nd2 c5 5. c3 Nc6 6. Ngf3 cxd4 7. exd4 Nh5 8. Be3
Bd6 9. Be2 Nf4 10. Bxf4 Bxf4 11. g3 Bh6 12. O-O O-O 13. Re1 Qc7 14. Bb5 g6 15.
Nb3 Bg7 16. Qd2 b6 17. a4 a5 18. Nc1 Bb7 19. Nd3 Na7 20. Nde5 Nxb5 21. axb5 f6
22. Ng4 Qd7 23. h3 Rae8 24. Re2 Qxb5 25. Rae1 Qd7 26. Nh4 Ba6 27. Re3 Qf7 28.
Rf3 Qd7 29. Kh2 Re7 30. Ng2 Qe8 31. Nf4 g5 32. Nd3 Qg6 33. Nc1 Rfe8 34. Ne3 f5
35. Ng2 Bh6 36. Rfe3 Bg7 37. f4 h6 38. Qc2 Qf7 39. Nd3 Rc7 40. Ne5 Qf8 41. g4
Qf6 42. Qa4 Rd8 43. gxf5 Qxf5 44. Nc6 Rd6 45. Ne5 Qf8 46. fxg5 Bf1 47. Ng6 Qf2
48. Qe8+ Kh7 49. Rxf1 Qxf1 50. N6f4 hxg5 51. Nxe6 Rxe6 52. Rxe6 Rf7 53. Rxb6 Qf5 1/2-1/2

[Event "Reykjavik Open 2024"]
[Site "Reykjavik ISL"]
[Date "2024.03.16"]
[Round "2.55"]
[White "MacKinnon, Keith"]
[Black "Eliasson, Kristjan Orn"]
[Result "1-0"]
[WhiteElo "2142"]
[BlackElo "1902"]
[WhiteFideId "2601990"]
[BlackFideId "2301784"]
[EventDate "2024.03.15"]

1. e4 d6 2. d4 Nf6 3. Nc3 g6 4. h3 Bg7 5. Be3 c6 6. f4 Qa5 7. Bd3 e5 8. Nf3 Nbd7
9. O-O O-O 10. Qe1 exd4 11. Bxd4 Nc5 12. Qh4 Nxd3 13. cxd3 Qd8 14. g4 Nd7 15.
Qf2 Bxd4 16. Nxd4 Nc5 17. Rad1 Kg7 18. f5 f6 19. b4 Na6 20. b5 cxb5 21. Ndxb5
Qa5 22. Qd4 Nb4 23. Qxd6 Qb6+ 24. d4 Nxa2 25. Nxa2 Qxb5 26. Rc1 Bd7 27. Rc7 Rf7
28. fxg6 hxg6 29. Nc3 Qd3 30. Rxd7 Rxd7 31. Qxd7+ Kh6 32. Qc7 Rc8 33. Qf4+ Kh7
34. Nd5 Qxd4+ 35. Kh1 Qd3 36. Nxf6+ Kg7 37. Nh5+ Kh7 38. Qf7+ Kh6 39. g5+ Kxh5
40. Qh7+ Kxg5 41. h4+ Kg4 42. Qxg6+ Kh3 43. Qg2+ Kxh4 44. Rf4+ 1-0

[Event "Reykjavik Open 2024"]
[Site "Reykjavik ISL"]
[Date "2024.03.16"]
[Round "2.56"]
[White "Birkisson, Bjorn Holm"]
[Black "Jansen, Marijn"]
[Result "1-0"]
[WhiteElo "2140"]
[BlackElo "1899"]
[WhiteFideId "2310600"]
[BlackFideId "1089587"]
[EventDate "2024.03.15"]

1. e4 c6 2. d4 d5 3. e5 c5 4. dxc5 e6 5. a3 Bxc5 6. Qg4 Ne7 7. b4 Bb6 8. Bd3
Nbc6 9. Nf3 Ng6 10. Bxg6 hxg6 11. O-O Bd7 12. Nbd2 Bc7 13. Bb2 Rh5 14. Rfe1 Ne7
15. c4 b5 16. cxb5 Bxb5 17. a4 Bd3 18. Qd4 Bf5 19. g4 Bb6 20. Qf4 g5 21. Qg3 Rh6
22. gxf5 g4 23. fxe6 gxf3 24. exf7+ Kf8 25. Nxf3 Rg6 26. Ng5 Nf5 27. Nh7+ Kxf7
28. e6+ 1-0

[Event "Reykjavik Open 2024"]
[Site "Reykjavik ISL"]
[Date "2024.03.16"]
[Round "2.57"]
[White "Spencer, Aaron"]
[Black "Markuszewski, Maksymilian"]
[Result "0-1"]
[WhiteElo "1899"]
[BlackElo "2141"]
[WhiteFideId "2061368"]
[BlackFideId "651018306"]
[EventDate "2024.03.15"]

1. d4 d5 2. c4 c6 3. Nf3 Nf6 4. cxd5 cxd5 5. Nc3 Nc6 6. Bf4 a6 7. Rc1 Bf5 8. e3
Rc8 9. Be2 e6 10. O-O Bd6 11. Bxd6 Qxd6 12. Na4 O-O 13. Nc5 Qe7 14. Qa4 Rc7 15.
Nxb7 Rxb7 16. Rxc6 Rxb2 17. Bxa6 Be4 18. Ne5 Ng4 19. Nxg4 Qg5 20. f3 Qxg4 21.
Rf2 Rb1+ 22. Bf1 Bxf3 23. Rxf3 e5 24. Rc7 e4 25. Rfxf7 Rxf7 26. Qa8+ Rf8 27.
Qxd5+ Kh8 28. Rf7 Rc8 29. Rf4 Qg6 30. Qxe4 Qxe4 31. Rxe4 g5 32. h4 Rf8 33. hxg5
Rbxf1+ 34. Kh2 Ra1 35. d5 Rxa2 36. Re7 Rd2 37. e4 Kg8 38. Kg3 Rf7 39. Re6 Rd7
40. Kf3 Kf7 41. g3 Rd4 42. Rf6+ Ke7 43. Re6+ Kd8 44. Ke3 Ra4 45. d6 Rg7 46. Re5
Kd7 47. Rd5 Ke6 48. Kf4 Rf7+ 0-1

[Event "Reykjavik Open 2024"]
[Site "Reykjavik ISL"]
[Date "2024.03.16"]
[Round "2.58"]
[White "Strathmann, Sacha"]
[Black "Pisan, Kai"]
[Result "1-0"]
[WhiteElo "2129"]
[BlackElo "1897"]
[WhiteFideId "4693825"]
[BlackFideId "39904881"]
[EventDate "2024.03.15"]

1. e4 c6 2. d4 d5 3. e5 Bf5 4. h4 h5 5. Bd3 Bxd3 6. Qxd3 e6 7. Nf3 Qa5+ 8. Nbd2
c5 9. dxc5 Qxc5 10. O-O Nh6 11. c4 dxc4 12. Nxc4 Nf5 13. Ne3 Nxe3 14. Bxe3 Qc7
15. Rac1 Nc6 16. Qe4 Rc8 17. Nd4 Be7 18. Rc4 O-O 19. Rfc1 Qd7 20. Nxc6 bxc6 21.
Rxc6 Rfd8 22. R1c4 Rxc6 23. Qxc6 Qd1+ 24. Kh2 Qb1 25. Qb7 Bf8 26. Rf4 Qg6 27.
Qxa7 f6 28. Bc5 fxe5 29. Rxf8+ Rxf8 30. Bxf8 Kxf8 31. Qb8+ Kf7 32. Qxe5 Qg4 33.
g3 Kg8 34. Qc5 Qe2 35. a4 Qxb2 36. a5 e5 37. a6 g5 38. a7 Qa2 39. Qc8+ 1-0

[Event "Reykjavik Open 2024"]
[Site "Reykjavik ISL"]
[Date "2024.03.16"]
[Round "2.59"]
[White "Solsker, Tummas M."]
[Black "Stanford, Sheila Barth"]
[Result "0-1"]
[BlackTitle "WIM"]
[WhiteElo "1897"]
[BlackElo "2123"]
[WhiteFideId "7200480"]
[BlackFideId "1500953"]
[EventDate "2024.03.15"]

1. d4 d5 2. Nf3 Nf6 3. Bf4 e6 4. e3 c5 5. c3 Nc6 6. Bd3 Nh5 7. Bg5 Qb6 8. Qc2
cxd4 9. exd4 f6 10. Be3 g6 11. Nbd2 Bd7 12. O-O Rc8 13. a3 Qc7 14. Rfe1 Kf7 15.
Rac1 Nf4 16. Bf1 g5 17. g3 Ng6 18. h3 Kg7 19. Kg2 h5 20. Bd3 Nce7 21. Rh1 Nf5
22. Nf1 Bd6 23. c4 dxc4 24. Qxc4 g4 25. N3d2 Qd8 0-1

[Event "Reykjavik Open 2024"]
[Site "Reykjavik ISL"]
[Date "2024.03.16"]
[Round "2.60"]
[White "Airlie, Arran"]
[Black "Li, Harry"]
[Result "0-1"]
[WhiteElo "1894"]
[BlackElo "2107"]
[WhiteFideId "442011"]
[BlackFideId "430145"]
[EventDate "2024.03.15"]

1. e4 e5 2. Nf3 Nc6 3. Bb5 a6 4. Ba4 Nf6 5. d3 b5 6. Bb3 Bc5 7. Bg5 h6 8. Bh4 d6
9. c3 g5 10. Bg3 O-O 11. Nbd2 Bb6 12. a4 Bd7 13. O-O Kh8 14. axb5 axb5 15. Rxa8
Qxa8 16. d4 g4 17. dxe5 Nh5 18. exd6 Nxg3 19. hxg3 gxf3 20. Nxf3 Qe8 21. Qd2 Kg7
22. Rd1 Be6 23. d7 Qe7 24. Nh4 Rd8 25. Bxe6 fxe6 26. Qe2 Qg5 27. Kh2 Ne5 28. f4
Qg4 29. Qxb5 Qxd1 30. Qxe5+ Kf7 31. Nf3 Qxd7 32. Qh5+ Kg7 33. f5 exf5 34. exf5
Qe8 35. f6+ Kxf6 36. Qxh6+ Ke7 37. Qg5+ Kd7 38. Qg4+ Kc6 39. Nh4 Kb7 40. Qf3+
Qc6 41. g4 Qxf3 42. gxf3 Be3 43. Kg3 Bc1 44. f4 Bxb2 45. g5 Bxc3 46. Ng2 c5 47.
f5 c4 48. f6 Rg8 49. Ne3 Bxf6 50. Nxc4 Bxg5 51. Kg4 Be7+ 52. Kf5 Rc8 53. Ne3 Bc5
54. Nc4 Kc6 55. Ne5+ Kd5 56. Ng6 Bd6 57. Kf6 Rc7 58. Kf5 Rf7+ 59. Kg5 Ke6 60.
Nh8 Rf1 61. Ng6 Rg1+ 62. Kh6 Kf6 0-1

[Event "Reykjavik Open 2024"]
[Site "Reykjavik ISL"]
[Date "2024.03.16"]
[Round "2.61"]
[White "Gikas, Andreas Basilius"]
[Black "Brand, Niels"]
[Result "1-0"]
[WhiteElo "2104"]
[BlackElo "1891"]
[WhiteFideId "4623509"]
[BlackFideId "1085107"]
[EventDate "2024.03.15"]

1. e4 c5 2. Nf3 Nc6 3. d4 cxd4 4. Nxd4 e5 5. Nb5 d6 6. N1c3 a6 7. Na3 b5 8. Nd5
Be7 9. c4 b4 10. Nc2 Rb8 11. Nce3 Nf6 12. Nxf6+ Bxf6 13. g3 O-O 14. Bg2 Nd4 15.
O-O Bg5 16. f4 Be7 17. Kh1 Bb7 18. b3 exf4 19. gxf4 Bf6 20. Bb2 Ne6 21. Bxf6
Qxf6 22. Qxd6 Rfd8 23. Qe5 Qxe5 24. fxe5 Nd4 25. Nd5 Re8 26. Nxb4 Rxe5 27. Nd5
Nc2 28. Rac1 Nd4 29. Rcd1 Ne6 30. Rf5 Rxf5 31. exf5 Nc5 32. Nc3 Bxg2+ 33. Kxg2
f6 34. Rd5 Nb7 35. b4 Nd8 36. a3 Nc6 37. Rd6 Ne7 38. Rxa6 Nxf5 39. c5 Ne3+ 40.
Kf3 Nc2 41. c6 Kf7 42. c7 Rc8 43. Nb5 Ke7 44. Rc6 Nxa3 45. Nxa3 Kd7 46. b5 Rxc7
47. Rxc7+ Kxc7 48. Nc4 g6 49. Ke4 f5+ 50. Ke5 Kb7 51. h4 Kc7 52. Kf4 h6 53. Ke5
Kd7 54. Kf6 g5 55. Kxf5 gxh4 56. Kg4 1-0

[Event "Reykjavik Open 2024"]
[Site "Reykjavik ISL"]
[Date "2024.03.16"]
[Round "2.62"]
[White "Maack, Kjartan"]
[Black "Halldorsson, Kristjan"]
[Result "1-0"]
[WhiteElo "2102"]
[BlackElo "1887"]
[WhiteFideId "2301806"]
[BlackFideId "2302551"]
[EventDate "2024.03.15"]

1. d4 d5 2. Nc3 Nf6 3. Bf4 Bf5 4. f3 h5 5. e3 e6 6. Bd3 Bxd3 7. Qxd3 c6 8. e4
dxe4 9. fxe4 Be7 10. Nf3 Na6 11. O-O Qb6 12. Kh1 O-O-O 13. a3 h4 14. Bg5 h3 15.
g3 Qc7 16. b4 Nh5 17. b5 Nb8 18. bxc6 Nxc6 19. Nb5 Qd7 20. Qc4 Kb8 21. Bxe7 Qxe7
22. e5 f6 23. Rab1 Ka8 24. Nd6 Rxd6 25. exd6 Qxd6 26. Qb3 b6 27. Qe3 Rd8 28. c3
g5 29. Rbe1 Re8 30. Nd2 Nd8 31. Qf3+ 1-0

[Event "Reykjavik Open 2024"]
[Site "Reykjavik ISL"]
[Date "2024.03.16"]
[Round "2.63"]
[White "Scotti, Martin"]
[Black "Rittmann, Dirk"]
[Result "1/2-1/2"]
[WhiteElo "1885"]
[BlackElo "2103"]
[WhiteFideId "551035065"]
[BlackFideId "4629574"]
[EventDate "2024.03.15"]

1. d4 Nf6 2. c4 g6 3. Nc3 d5 4. Nf3 Bg7 5. Qb3 c6 6. cxd5 Nxd5 7. e4 Nb6 8. Be3
O-O 9. Rd1 Bg4 10. Be2 Qc7 11. O-O N8d7 12. h3 Bxf3 13. Bxf3 e6 14. d5 exd5 15.
exd5 Ne5 16. Be2 Nxd5 17. Nxd5 cxd5 18. Rxd5 Nc6 19. Rc1 Rfe8 20. Bb5 a6 21.
Bxc6 bxc6 22. Qc2 Qb7 23. Rd2 Red8 24. Rxd8+ Rxd8 25. Qxc6 Qxc6 26. Rxc6 Bxb2
27. Rxa6 h5 28. h4 Rd1+ 29. Kh2 Bd4 30. Bxd4 Rxd4 31. g3 Kg7 32. Kg2 Rd3 33. a4
Ra3 34. Ra8 Kh7 35. a5 Kg7 36. a6 Kh7 37. Kf1 Ra2 38. Ke1 Kg7 39. a7 Ra1+ 40.
Kd2 Ra2+ 41. Kc3 Ra1 42. Kb2 Ra5 43. f3 Ra6 44. Kb3 Ra1 1/2-1/2

[Event "Reykjavik Open 2024"]
[Site "Reykjavik ISL"]
[Date "2024.03.16"]
[Round "2.64"]
[White "Pollack, Oscar"]
[Black "Carey, Michael"]
[Result "1/2-1/2"]
[WhiteElo "2092"]
[BlackElo "1880"]
[WhiteFideId "429414"]
[BlackFideId "30923760"]
[EventDate "2024.03.15"]

1. e4 c5 2. Nf3 d6 3. d4 cxd4 4. Nxd4 Nf6 5. Nc3 Nc6 6. Bg5 e6 7. Qd2 a6 8.
O-O-O Bd7 9. f4 b5 10. e5 dxe5 11. Nxc6 Bxc6 12. Qe3 Qc7 13. fxe5 Nd7 14. Bf4
Nc5 15. Kb1 b4 16. Ne2 Be7 17. Nd4 O-O 18. Nxc6 Qxc6 19. Be2 Rab8 20. Bf3 Qb5
21. Qe2 Qa5 22. b3 Rfc8 23. Rd4 Rd8 24. Rc4 Qb5 25. Qf2 Rbc8 26. Bh5 Qe8 27. Rf1
Nd7 28. Bg3 g6 29. Be2 Rxc4 30. Bxc4 Bc5 31. Qe2 Nb6 32. Bh4 Be7 33. Bf6 Nd5 34.
Bxd5 Rxd5 35. Qxa6 Qd8 36. Qa7 Rd7 37. Bxe7 Qxe7 38. Qb6 Rd5 39. Rf4 Qg5 40.
Qb8+ Rd8 41. Qxb4 Rd1+ 42. Kb2 Qxe5+ 43. Ka3 Rd5 44. Qc4 Ra5+ 45. Kb4 Ra8 46.
Qe4 Qa5+ 47. Kc4 Rc8+ 48. Kd3 Qc3+ 49. Ke2 Rd8 50. Rf3 Qd2+ 51. Kf1 Qd1+ 52. Kf2
Rd2+ 53. Kg3 Rxc2 54. Rd3 Qc1 55. Rd8+ Kg7 56. Qd4+ Kh6 57. h4 Qe1+ 58. Kh2 e5
59. Qg4 f6 60. Rd1 Qe3 61. Rf1 f5 62. Qb4 f4 63. Kh1 Qg3 64. Qe4 Qxh4+ 65. Kg1
Rxa2 66. Qxe5 Qg3 67. Qxf4+ Qxf4 68. Rxf4 Rb2 69. Rb4 Kg5 70. Kh2 h5 71. Kh3 Kf5
72. Rb5+ Kf6 73. Kg3 g5 74. Kf3 Kg6 75. g3 Kf6 76. Ke3 Rg2 77. Kf3 Rb2 78. b4
Rb3+ 79. Kg2 Rb2+ 80. Kg1 Rb1+ 1/2-1/2

[Event "Reykjavik Open 2024"]
[Site "Reykjavik ISL"]
[Date "2024.03.16"]
[Round "2.65"]
[White "Fossheim, Yngve"]
[Black "Arnalds, Stefan"]
[Result "1-0"]
[WhiteElo "2090"]
[BlackElo "1876"]
[WhiteFideId "1512277"]
[BlackFideId "2304821"]
[EventDate "2024.03.15"]

1. e4 c5 2. Nf3 e6 3. d4 cxd4 4. Nxd4 Nf6 5. Nc3 Nc6 6. Ndb5 d6 7. Bf4 e5 8. Bg5
a6 9. Na3 b5 10. Nd5 Be7 11. Bxf6 Bxf6 12. c3 Be6 13. Nc2 Bg5 14. a4 Rb8 15.
axb5 axb5 16. Ra6 Ne7 17. Rxd6 Qc8 18. Nb6 Qc5 19. Rxe6 Rxb6 20. Rxb6 Qxb6 21.
Qd3 O-O 22. Qxb5 Qd6 23. Qd3 Qb6 24. Qb5 Qd6 25. Bd3 Rb8 26. Qc4 Rc8 27. Qa6 Rc6
28. Qb5 h5 29. O-O Ng6 30. Nb4 Rb6 31. Qe8+ Kh7 32. Bc4 Qd2 33. Bxf7 1-0

[Event "Reykjavik Open 2024"]
[Site "Reykjavik ISL"]
[Date "2024.03.16"]
[Round "2.66"]
[White "Schliebener, Stephan"]
[Black "Bjarnason, Snorri Vikanes"]
[Result "0-1"]
[WhiteElo "2088"]
[BlackElo "1875"]
[WhiteFideId "4621662"]
[BlackFideId "1539833"]
[EventDate "2024.03.15"]

1. d4 d5 2. c4 dxc4 3. Nf3 Nf6 4. e3 e6 5. Bxc4 a6 6. O-O c5 7. Qe2 Be7 8. Rd1
O-O 9. a3 cxd4 10. exd4 b5 11. Ba2 Bb7 12. Nc3 Nbd7 13. Ne5 Nb6 14. Rd3 Nbd5 15.
Ne4 Rc8 16. Rg3 Nxe4 17. Qxe4 Bf6 18. Bh6 Qc7 19. h4 Ne7 20. Qf4 Ng6 21. Qe3
gxh6 22. h5 Qc2 23. hxg6 hxg6 24. Nxf7 Rxf7 25. Qxe6 Rc4 26. Re1 Bxd4 27. Rxg6+
Bg7 28. Re2 Qd1+ 29. Kh2 Bd5 30. Qe8+ Rf8 31. Qe5 Rf7 32. Bxc4 Bxc4 33. Re3 Kh7 0-1